Diseases of vegetable crops.

Guardado en:
Autor Principal: Walker, J. C. 1893-
Formato: Libro
Idioma:English
Publicado: New York : McGraw-Hill, 1952.
Edición:1st ed.
Series:McGraw-Hill publications in the agricultural sciences
Etiquetas: Agregar Etiqueta
Sin Etiquetas, Sea el primero en etiquetar este registro!
LEADER 00514nam a22001575a 4500
001 EEA.libagro002092
005 20150206113910.0
008 130809s1952####nyua##########000#0#eng#d
082 0 4 |a 635.049 
100 1 |a Walker, J. C.  |q (John Charles),  |d 1893- 
245 1 0 |a Diseases of vegetable crops. 
250 |a 1st ed. 
260 |a New York :  |b McGraw-Hill,  |c 1952. 
300 |a ix, 529 p. :  |b il. ;  |c 24 cm. 
490 1 |a McGraw-Hill publications in the agricultural sciences 
859 |a AR-BbBCA  |b BIB. AGRONOMIA  |h 635.049  |i W182  |p 1962/0117